| 000 | 00393nam a2200145Ia 4500 | ||
|---|---|---|---|
| 003 | GCL | ||
| 008 | 140319s9999 xx 000 0 eng d | ||
| 040 |
_aGCL / _cGCL |
||
| 082 | 0 | 4 |
_a956.92044 _bR H |
| 245 | 1 | 0 | _aHIZB'ALLAH IN LEBANON: THE POLITICS OF WESTERN HOSTAGE CRISIS |
| 650 | 0 | 4 | _aLEBANON - CULTURE |
| 650 | 0 | 4 | _aLEBANON |
| 650 | 0 | 4 | _aLEBANON - POLITICS AND GOVERNMENT |
| 942 |
_2ddc _cBK |
||
| 999 |
_c14820 _d14820 |
||